| 000 | 00448nam a2200145Ia 4500 | ||
|---|---|---|---|
| 008 | 200917s9999||||xx |||||||||||||| ||und|| | ||
| 020 | _a8175230134 | ||
| 082 |
_a242 _bYOG/C |
||
| 100 | _aYogi, Maharishi Mahesh | ||
| 245 | 0 | _aCelebrating Perfection in Education: Dawn of Total Knowledge | |
| 250 | _a1st Edition | ||
| 260 |
_aJabalpur (M. P.) _bMaharishi Vedic University-Age of Enlightenment Publications _c1997 |
||
| 300 | _a196p. | ||
| 942 | _cBK | ||
| 999 |
_c26202 _d26202 |
||